000 00708cab a2200229 4500
001 WB3141-54
008 090401t1995 xxu||||| |||| 00| 0 eng d
035 _a(Sirsi) u15209
041 _aeng
245 _aFarmland prices
260 _c1995
350 _a0
490 _aRICS Press Release
_v(PR137.RUR) 27 October 1995, (4)
520 _aSummarises findings of RICS "Farmland price index and survey" (single issue £30) for 3Q 1995. The survey indicates farmland prices are still going up as demand exceeds supply.
650 _aFARMLAND VALUES
650 _aFARMLAND
650 _aRICS FARMLAND PRICE INDEX
690 _aLAND
690 _aRURAL PRACTICE
942 _n0
948 _c04/03/1997
999 _c9946
_d9946